| 000 | 00000nam##2200000za#4500 |
| 001 | 9.571223 |
| 003 | CaOODSP |
| 005 | 20210624182623 |
| 007 | cr ||||||||||| |
| 008 | 150406|1994||||xxc|||||o f|0| 0 eng|d |
| 040 | |aCaOODSP|beng |
| 043 | |an-cn--- |
| 086 | 1 |aEn1-17/15-1994E-PDF |
| 110 | 1 |aCanada.|bEnvironment Canada. |bTechnology Development Section. |
| 245 | 10|aHazardous wastes. Decontaksolv process for the decontamination of PCB capacitors |h[electronic resource] |
| 260 | |aMontreal - Quebec : |bEnvironment Canada. |cJanuary 1994. |
| 300 | |a4p.|bfigs. (some coloured), tables, photographs |
| 490 | 1 |aSt. Lawrence technologies |
| 590 | |a12-02-Supp|b2012-01-20 |
| 690 | 07|aDecontamination|2gcpds |
| 690 | 07|aHazardous waste|2gcpds |
| 775 | 08|tDéchets dangereux. Décontamination de condensateurs aux BPC par le procédé Décontaksolv |w(CaOODSP)9.601849 |
| 776 | 0#|tHazardous wastes: Decontaksolv process for the decontamination of PCB capacitors / |w(CaOODSP)9.612476 |
| 830 | #0|aSt. Lawrence technologies.|w(CaOODSP)9.504441 |
| 856 | 40|ahttp://publications.gc.ca|qPDF|s428 KB|uhttps://publications.gc.ca/collections/Collection/En1-17-15-1994E.pdf |